000 01305nam a2200373 i 4500
001 8826
003 KOSZ 005
005 20200630132819.0
008 070706s1970 pl a f 001 0 pol
015 _aPB 1970/6296
040 _aWA N
_cKOSZ 005/RW
_dKOSZ 005/RW
_dKOSZ 005/KK
041 1 _apol
_heng
080 _a531/534
080 _a536
080 _a539.2/6
100 1 _aCottrell, Alan Howard
_d(1919- ).
_eAutor
245 1 0 _aWłasności mechaniczne materii /
_cA. H. Cottrell ; tłumaczenie Marian Jurecki.
246 1 _iTytuł oryginału:
_aMechanical properties of matter.
260 _aWarszawa :
_bPaństwowe Wydawnictwo Naukowe,
_c1970.
300 _a534, [1] strona :
_bilustracje ;
_c23 cm.
336 _2rdacontent
_aTekst
_btxt
337 _2rdamedia
_aBez urządzenia pośredniczącego
_bn
338 _2rdacarrier
_aWolumin
_bnc
380 _aKsiążki.
388 _a1901-2000
504 _aBibliografia przy rozdziałach. Indeks.
650 4 _aMechanika
650 4 _aMateria
658 _aInżynieria i technika
700 1 _aJurecki, Marian.
_eTłumaczenie
710 2 _aPaństwowe Wydawnictwo Naukowe
_4pbl.
856 _uhttp://koha.tu.koszalin.pl/cgi-bin/koha/opac-detail.pl?biblionumber=8826
_yKatalog online BPK
942 _2UKD
_cKS
999 _c8826
_d8826